000 00243nam a2200097Ia 4500
008 190216s9999||||xx |||||||||||||| ||und||
100 _aMichael Brecher
245 0 _aNehru A Political Biography
260 _bKerala Bhasha Institute
942 _cBK
999 _c11584
_d11584